Statistics for Brasilian Serie A Updated 2015

Click here to take the quiz!

General Stats

  • This quiz has been taken 39 times
  • The average score is 14 of 20

Answer Stats

Team% Correct
São Paulo FC
95%
CR Flamengo
92%
SE Palmeiras
89%
Fluminense FC
86%
Grêmio FBPA
86%
SC Corinthians Paulista
86%
Atlético Mineiro
84%
Santos FC
84%
SC Internacional
84%
Cruzeiro EC
78%
Atlético Paranaense
73%
Avaí FC
70%
AA Ponte Preta
57%
Coritiba FC
57%
Goiás EC
57%
Figueirense FC
54%
Chapecoense
46%
CR Vasco da Gama
41%
Joinville EC
41%
SC Sport Recife
41%

Score Distribution

Percentile by Number Answered

Percent of People with Each Score

Your Score History

You have not taken this quiz